EARLY BUDDHIST SOCIETY/ (Record no. 200996)

MARC details
000 -LEADER
fixed length control field 00635nam a22002297a 4500
003 - CONTROL NUMBER IDENTIFIER
control field dpl
005 - DATE AND TIME OF LATEST TRANSACTION
control field 20240222150528.0
008 - FIXED-LENGTH DATA ELEMENTS--GENERAL INFORMATION
fixed length control field 240221b |||||||| |||| 00| 0 eng d
010 ## - LIBRARY OF CONGRESS CONTROL NUMBER
LC control number ENG-139405
020 ## - INTERNATIONAL STANDARD BOOK NUMBER
International Standard Book Number 9788178246505
Terms of availability 795.00
035 ## - SYSTEM CONTROL NUMBER
System control number EN-122937
037 ## - SOURCE OF ACQUISITION
Source of stock number/acquisition DBAD/PUB
040 ## - CATALOGING SOURCE
Transcribing agency 0
082 ## - DEWEY DECIMAL CLASSIFICATION NUMBER
Classification number 250.3
100 ## - MAIN ENTRY--PERSONAL NAME
9 (RLIN) 62329
Personal name LIU,XINRU
245 ## - TITLE STATEMENT
Title EARLY BUDDHIST SOCIETY/
Remainder of title THE WORLD OF GAUTAMA BUDDHA;
Statement of responsibility, etc XINRU LIU
260 ## - PUBLICATION, DISTRIBUTION, ETC. (IMPRINT)
Place of publication, distribution, etc RANIKHET
Name of publisher, distributor, etc PERMANENT BLACK
Date of publication, distribution, etc 2022
270 ## - ADDRESS
Address HIMALAYANA MALL ROAD, RANIKHET CANTT
City RANIKHET
Postal code 263645
300 ## - PHYSICAL DESCRIPTION
Extent 207P;
Dimensions 23CM (HB)
700 ## - ADDED ENTRY--PERSONAL NAME
9 (RLIN) 62396
942 ## - ADDED ENTRY ELEMENTS (KOHA)
Source of classification or shelving scheme Dewey Decimal Classification
Koha item type English Books
Call number prefix 250.3
Call number suffix LIU

No items available.


© Delhi Public Library
Hit Counter
free hit counter